00757nam a22001937a 45000050016000000080041000160100014000570200026000710350013000970370015001100400018001250820011001431000023001542450174001772600046003512700064003973000044004616000058005052010071403243.0100714t xxu||||| |||| 00| 0 eng d aENG-96394 a9780198069928c350.00 aEN-79927 bDBAD / PUB adplbEnglish  a882.08 aElkunchwar, Mahesh aCollected plays of Mahesh Elkunchwar :bGarbo, Desire in the rocks, Old stone mansion, Reflection, Sonata, An Actor exists /cwith an introduction by Samik Bandyopadhyay aNew Delhi bOxford University Pressc2010 aYMCA Library Building, Jai Singh Road, bNew Delhi e110001 axxxi, 336p. :c23cm (pbk) bb&w photos  aElkunchwar, Mahesh, 1939-vTranslations into English.